| 000 | 00516nam a2200145 a 4500 | ||
|---|---|---|---|
| 001 | 000044317 | ||
| 005 | 20201002045305.0 | ||
| 008 | 140613s2004 dr ac 000 0 spa d | ||
| 040 |
_aDO-SdBNP _bspa _cBNPHU |
||
| 100 | 1 |
_aSilia Eduardo, Florencio _938108 |
|
| 245 | 1 | 0 |
_aArribo intimo / _cFlorencio Silvia Eduardo. |
| 260 |
_aSan Francisco de Macoris, República Dominicana : _bBarcarola, _c2004. |
||
| 300 |
_a70 p. : _bil., retrs. ; _c18 cm. |
||
| 500 | _aIncluye datos biográficos del autor en la solapa de la cubierta | ||
| 999 |
_c43806 _d43806 |
||